Normal view
MARC view
- Indian Research council
Entry Personal Name
001 - CONTROL NUMBER
- control field: 44222
003 - CONTROL NUMBER IDENTIFIER
- control field: NUST
005 - DATE AND TIME OF LATEST TRANSACTION
- control field: 20210314132920.0
008 - FIXED-LENGTH DATA ELEMENTS
- fixed length control field: 210314|| aca||aabn | a|a d
040 ## - CATALOGING SOURCE
- Original cataloging agency: NUST
- Transcribing agency: NUST
100 ## - HEADING--PERSONAL NAME
- Personal name: Indian Research council
670 ## - SOURCE DATA FOUND
- Source citation: Work cat.: (NUST): Indian Research council,, State of the art: surface dressing/, c1986
